Call Of Duty: Black Ops 1 and 2 - Real People Who Appear - Statistics

General Stats
  • This quiz has been taken 22 times
  • The average score is 4 of 9
Answer Stats
Picture Answer % Correct
John F. Kennedy
100%
Fidel Castro
80%
Richard Nixon
65%
Robert McNamara
50%
Jimmy Kimmel
45%
Manuel Noriega
40%
Avenged Sevenfold
25%
Jonas Savimbi
25%
Oliver North
0%
No matching quizzes found
Score Distribution
Percent of People with Each Score
Percentile by Number Answered
Your Score History
You have not taken this quiz